Cargando...
Adhunik Hindi sahitya Vividh ayaam /
| Otros Autores: | |
|---|---|
| Lenguaje: | Undetermined |
| Publicado: |
New Delhi :
Vani Prakhasan ,
2000.
|
| Materias: |
| LEADER | 00494nam a2200145Ia 4500 | ||
|---|---|---|---|
| 001 | 130945 | ||
| 008 | 170722s9999 xx 000 0 und d | ||
| 245 | |a Adhunik Hindi sahitya |b Vividh ayaam / | ||
| 260 | |a New Delhi : |b Vani Prakhasan , |c 2000. | ||
| 300 | |a 195 p. | ||
| 653 | |a Hindi Literature | ||
| 700 | |a Jaleel , Abdul |e editor. | ||
| 942 | |c GEN | ||
| 999 | |c 123321 |d 123321 | ||
| 952 | |0 0 |1 0 |4 0 |6 O_152NG_P0 |7 0 |9 174388 |a LIB |b LIB |d 2017-08-12 |l 3 |o O152,N:g P0 |p 242733 |r 2020-01-06 |s 2019-12-07 |v 175.00 |w 2017-08-12 |y GEN | ||